000
00313nam a22001337a 4500
020
_a
0-12-619260-X
082
_a
621.89 SAR'F
100
_a
SARKAR, A. D
_9
75356
245
_a
FRICTION AND WEAR
260
_a
LONDON
_b
ACADEMIC
_c
1980
300
_a
423P
650
_a
FRICTION MECHANICAL WEAR
_9
75357
942
_c
BK
999
_c
580786
_d
580786